[Event "World Youth & Cadets Rapid Championships"]
[Site "Rhodes, Greece"]
[Date "2022.05.01"]
[Round "9.33"]
[White "Omonova, Umida"]
[Black "Katter, Marlene"]
[Result "1/2-1/2"]
[TimeControl "10'/game & 5\"/move"]
[WhiteElo "1856"]
[BlackElo "1674"]

1. e4 {[%clk 00:10:09]} e6 {[%clk 00:10:09]} {[%emt 00:00:01]} 2. d4 {[%clk
00:10:13]} {[%emt 00:00:02]} d5 {[%clk 00:10:13]} {[%emt 00:00:01]} 3. Nd2
{[%clk 00:10:17]} {[%emt 00:00:01]} dxe4 {[%clk 00:10:17]} {[%emt 00:00:01]} 4.
Nxe4 {[%clk 00:10:21]} {[%emt 00:00:01]} Nd7 {[%clk 00:10:21]} {[%emt
00:00:01]} 5. Nf3 {[%clk 00:10:24]} {[%emt 00:00:02]} Ngf6 {[%clk 00:10:24]}
{[%emt 00:00:02]} 6. Ng3 {[%clk 00:10:25]} {[%emt 00:00:03]} c5 {[%clk
00:10:24]} {[%emt 00:00:05]} 7. Be2 {[%clk 00:10:19]} {[%emt 00:00:12]} Be7
{[%clk 00:10:21]} {[%emt 00:00:08]} 8. O-O {[%clk 00:10:22]} {[%emt 00:00:02]}
O-O {[%emt 00:00:07]} 9. Re1 {[%clk 00:10:26]} b6 {[%clk 00:10:18]} {[%emt
00:00:07]} 10. c3 {[%clk 00:10:19]} {[%emt 00:00:12]} Bb7 {[%clk 00:10:19]}
{[%emt 00:00:04]} 11. h3 {[%clk 00:10:16]} {[%emt 00:00:08]} Qc7 {[%emt
00:00:11]} 12. a4 {[%clk 00:10:08]} {[%emt 00:00:09]} Nd5 {[%clk 00:10:06]}
{[%emt 00:00:16]} 1/2-1/2

[Event "World Youth & Cadets Rapid Championships"]
[Site "Rhodes, Greece"]
[Date "2022.05.01"]
[Round "9.34"]
[White "Sala, Giulia"]
[Black "Siekanska, Maria"]
[Result "0-1"]
[TimeControl "10'/game & 5\"/move"]
[WhiteElo "1889"]
[BlackElo "1865"]

1. e4 {[%clk 00:10:08]} {[%emt 00:00:02]} c5 {[%clk 00:10:09]} {[%emt
00:00:01]} 2. Nf3 {[%clk 00:10:12]} d6 {[%clk 00:10:13]} {[%emt 00:00:01]} 3.
d4 {[%clk 00:10:16]} {[%emt 00:00:01]} cxd4 {[%clk 00:10:18]} {[%emt 00:00:01]}
4. Nxd4 {[%clk 00:10:20]} {[%emt 00:00:01]} Nf6 {[%clk 00:10:21]} {[%emt
00:00:01]} 5. Nc3 {[%clk 00:10:24]} {[%emt 00:00:01]} a6 {[%clk 00:10:26]} 6.
Be3 {[%clk 00:10:25]} {[%emt 00:00:03]} e6 {[%clk 00:10:17]} {[%emt 00:00:14]}
7. f3 {[%clk 00:10:27]} {[%emt 00:00:03]} b5 {[%clk 00:10:18]} {[%emt
00:00:04]} 8. Qd2 {[%clk 00:10:27]} {[%emt 00:00:06]} Bb7 {[%clk 00:10:21]}
{[%emt 00:00:01]} 9. O-O-O {[%clk 00:10:22]} {[%emt 00:00:10]} Nbd7 {[%clk
00:10:24]} {[%emt 00:00:02]} 10. g4 {[%clk 00:10:19]} {[%emt 00:00:09]} Nb6
{[%clk 00:10:27]} {[%emt 00:00:02]} 11. g5 {[%clk 00:10:03]} {[%emt 00:00:20]}
Nfd7 {[%clk 00:10:31]} {[%emt 00:00:02]} 12. f4 {[%clk 00:09:41]} {[%emt
00:00:27]} b4 {[%clk 00:10:18]} {[%emt 00:00:18]} 13. Nce2 {[%clk 00:09:28]}
{[%emt 00:00:17]} Bxe4 {[%clk 00:10:18]} {[%emt 00:00:05]} 14. Rg1 {[%clk
00:09:32]} {[%emt 00:00:01]} Nc4 {[%clk 00:10:13]} {[%emt 00:00:10]} 15. Qxb4
{[%clk 00:09:11]} {[%emt 00:00:26]} Nxe3 {[%clk 00:10:09]} {[%emt 00:00:09]} 16.
Re1 {[%clk 00:08:13]} {[%emt 00:01:04]} d5 {[%clk 00:09:42]} {[%emt 00:00:32]}
17. Qa4 {[%clk 00:07:52]} {[%emt 00:00:26]} Bc5 {[%clk 00:09:07]} {[%emt
00:00:40]} 18. Ng3 {[%clk 00:06:38]} {[%emt 00:01:18]} Nxf1 {[%clk 00:09:05]}
{[%emt 00:00:07]} 19. Rgxf1 {[%clk 00:05:30]} {[%emt 00:01:13]} O-O {[%clk
00:09:01]} {[%emt 00:00:09]} 20. Nxe4 {[%clk 00:05:20]} {[%emt 00:00:15]} dxe4
{[%clk 00:08:33]} {[%emt 00:00:32]} 21. Rxe4 {[%clk 00:05:21]} {[%emt
00:00:05]} Nb6 {[%clk 00:08:36]} {[%emt 00:00:02]} 22. Qb3 {[%clk 00:04:16]}
{[%emt 00:01:11]} Bxd4 {[%clk 00:08:36]} {[%emt 00:00:04]} 23. Rd1 {[%clk
00:04:11]} {[%emt 00:00:10]} Bxb2+ {[%clk 00:07:56]} {[%emt 00:00:45]} 24. Qxb2
{[%clk 00:04:13]} {[%emt 00:00:04]} Qc7 {[%clk 00:07:56]} {[%emt 00:00:04]} 25.
h4 {[%clk 00:03:47]} {[%emt 00:00:31]} Rfd8 {[%clk 00:07:43]} {[%emt 00:00:19]}
26. Rg1 {[%clk 00:03:29]} {[%emt 00:00:16]} Rac8 {[%clk 00:07:30]} {[%emt
00:00:25]} 27. h5 {[%clk 00:03:23]} {[%emt 00:00:10]} Qd6 {[%clk 00:07:06]}
{[%emt 00:00:29]} 28. Qb3 {[%clk 00:02:11]} {[%emt 00:01:18]} Qd2+ {[%clk
00:06:48]} {[%emt 00:00:22]} 29. Kb1 {[%clk 00:02:15]} {[%emt 00:00:01]} Rc3
{[%clk 00:06:38]} {[%emt 00:00:16]} 30. Qxb6 {[%clk 00:01:46]} {[%emt
00:00:33]} Qxc2+ {[%clk 00:06:42]} {[%emt 00:00:02]} 31. Ka1 {[%clk 00:01:50]}
{[%emt 00:00:01]} Rd1+ {[%clk 00:06:43]} {[%emt 00:00:03]} 32. Rxd1 {[%clk
00:01:55]} Qxd1+ {[%clk 00:06:47]} {[%emt 00:00:01]} 33. Qb1 {[%clk 00:01:25]}
{[%emt 00:00:35]} Rc1 {[%clk 00:06:50]} 34. Rb4 {[%clk 00:01:29]} {[%emt
00:00:01]} Rxb1+ {[%clk 00:06:54]} {[%emt 00:00:01]} 35. Rxb1 {[%clk 00:01:33]}
Qd4+ {[%clk 00:06:58]} {[%emt 00:00:01]} 36. Rb2 {[%clk 00:01:37]} Qxf4 {[%clk
00:06:52]} {[%emt 00:00:11]} 37. Rc2 {[%clk 00:01:25]} {[%emt 00:00:18]} Qd4+
{[%clk 00:06:48]} {[%emt 00:00:08]} 38. Kb1 {[%clk 00:01:28]} {[%emt 00:00:02]}
h6 {[%clk 00:06:30]} {[%emt 00:00:23]} 39. g6 {[%clk 00:01:32]} {[%emt
00:00:01]} fxg6 {[%clk 00:06:31]} {[%emt 00:00:05]} 40. hxg6 {[%clk 00:01:35]}
Qg1+ {[%clk 00:06:35]} 41. Kb2 {[%clk 00:01:39]} {[%emt 00:00:01]} Qxg6 {[%clk
00:06:38]} {[%emt 00:00:02]} 42. a4 {[%clk 00:01:40]} {[%emt 00:00:05]} Qf6+
{[%clk 00:06:41]} {[%emt 00:00:02]} 43. Kb3 {[%clk 00:01:43]} {[%emt 00:00:02]}
Qf3+ {[%clk 00:06:45]} {[%emt 00:00:01]} 44. Kb2 {[%clk 00:01:44]} {[%emt
00:00:03]} h5 {[%clk 00:06:45]} {[%emt 00:00:05]} 45. a5 {[%clk 00:01:44]}
{[%emt 00:00:06]} h4 {[%clk 00:06:47]} {[%emt 00:00:02]} 0-1

[Event "World Youth & Cadets Rapid Championships"]
[Site "Rhodes, Greece"]
[Date "2022.05.01"]
[Round "9.35"]
[White "Maton, Emily"]
[Black "Aydin, Gulenay"]
[Result "0-1"]
[TimeControl "10'/game & 5\"/move"]
[WhiteElo "1324"]
[BlackElo "2143"]

1. c4 {[%clk 00:10:09]} Nf6 {[%clk 00:10:05]} {[%emt 00:00:06]} 2. Nf3 {[%clk
00:10:13]} {[%emt 00:00:01]} g6 {[%clk 00:10:09]} {[%emt 00:00:01]} 3. g3
{[%clk 00:10:16]} {[%emt 00:00:01]} Bg7 {[%clk 00:10:13]} 4. Bg2 {[%clk
00:10:20]} {[%emt 00:00:02]} O-O {[%clk 00:10:15]} {[%emt 00:00:03]} 5. d4
{[%clk 00:10:24]} {[%emt 00:00:02]} d6 {[%clk 00:10:14]} {[%emt 00:00:06]} 6.
Nc3 {[%clk 00:10:28]} {[%emt 00:00:01]} a6 {[%clk 00:10:05]} {[%emt 00:00:14]}
7. O-O {[%clk 00:10:31]} {[%emt 00:00:02]} Nc6 {[%clk 00:10:09]} {[%emt
00:00:02]} 8. Bf4 {[%clk 00:10:33]} {[%emt 00:00:02]} Rb8 {[%clk 00:09:49]}
{[%emt 00:00:25]} 9. a4 {[%clk 00:10:20]} {[%emt 00:00:18]} a5 {[%clk
00:09:50]} {[%emt 00:00:04]} 10. Qd2 {[%clk 00:10:14]} {[%emt 00:00:10]} Nd7
{[%clk 00:09:14]} {[%emt 00:00:42]} 11. Bh6 {[%clk 00:09:57]} {[%emt 00:00:21]}
e5 {[%clk 00:08:49]} {[%emt 00:00:31]} 12. Bxg7 {[%clk 00:09:53]} {[%emt
00:00:09]} Kxg7 {[%clk 00:08:52]} {[%emt 00:00:02]} 13. e3 {[%clk 00:09:46]}
{[%emt 00:00:13]} f5 {[%clk 00:07:58]} {[%emt 00:00:58]} 14. Rad1 {[%clk
00:09:28]} {[%emt 00:00:22]} e4 {[%clk 00:07:37]} {[%emt 00:00:27]} 15. Ne1
{[%clk 00:09:23]} {[%emt 00:00:10]} Nf6 {[%clk 00:07:33]} {[%emt 00:00:09]} 16.
Nc2 {[%clk 00:09:22]} {[%emt 00:00:06]} Bd7 {[%clk 00:07:04]} {[%emt 00:00:34]}
17. Rb1 {[%clk 00:08:36]} {[%emt 00:00:51]} Ra8 {[%clk 00:06:20]} {[%emt
00:00:49]} 18. b4 {[%clk 00:08:15]} {[%emt 00:00:26]} axb4 {[%clk 00:06:23]}
{[%emt 00:00:02]} 19. Nxb4 {[%clk 00:08:18]} {[%emt 00:00:01]} Na5 {[%clk
00:06:03]} {[%emt 00:00:26]} 20. Qe2 {[%clk 00:07:37]} {[%emt 00:00:46]} Be6
{[%clk 00:05:21]} {[%emt 00:00:47]} 21. d5 {[%clk 00:07:06]} {[%emt 00:00:36]}
Bd7 {[%clk 00:05:21]} {[%emt 00:00:05]} 22. Rfc1 {[%clk 00:06:44]} {[%emt
00:00:27]} b6 {[%clk 00:05:08]} {[%emt 00:00:18]} 23. Nb5 {[%clk 00:06:30]}
{[%emt 00:00:18]} Nb7 {[%clk 00:04:52]} {[%emt 00:00:22]} 24. Qc2 {[%clk
00:05:39]} {[%emt 00:00:56]} Nc5 {[%clk 00:04:51]} {[%emt 00:00:06]} 25. Ra1
{[%clk 00:05:24]} {[%emt 00:00:19]} Kg8 {[%clk 00:04:47]} {[%emt 00:00:10]} 26.
Ra2 {[%clk 00:04:34]} {[%emt 00:00:55]} Ng4 {[%clk 00:04:42]} {[%emt 00:00:09]}
27. Rca1 {[%clk 00:04:09]} {[%emt 00:00:30]} Nb7 {[%clk 00:04:33]} {[%emt
00:00:15]} 28. Nd4 {[%clk 00:04:04]} {[%emt 00:00:11]} Ne5 {[%clk 00:04:15]}
{[%emt 00:00:23]} 29. Qc3 {[%clk 00:03:19]} {[%emt 00:00:49]} h5 {[%clk
00:03:36]} {[%emt 00:00:44]} 30. h4 {[%clk 00:02:22]} {[%emt 00:01:02]} Na5
{[%clk 00:03:39]} {[%emt 00:00:02]} 31. Bf1 {[%clk 00:02:07]} {[%emt 00:00:20]}
Kf7 {[%clk 00:03:43]} {[%emt 00:00:01]} 32. Nb3 {[%clk 00:02:04]} {[%emt
00:00:08]} g5 {[%clk 00:03:17]} {[%emt 00:00:30]} 33. hxg5 {[%clk 00:01:54]}
{[%emt 00:00:15]} Qxg5 {[%clk 00:03:05]} {[%emt 00:00:17]} 34. Be2 {[%clk
00:00:51]} {[%emt 00:01:09]} h4 {[%clk 00:02:48]} {[%emt 00:00:22]} 35. Nxa5
{[%clk 00:00:28]} {[%emt 00:00:28]} hxg3 {[%clk 00:02:08]} {[%emt 00:00:45]} 36.
fxg3 {[%clk 00:00:17]} {[%emt 00:00:16]} Qxg3+ {[%clk 00:02:10]} {[%emt
00:00:03]} 37. Kf1 {[%clk 00:00:21]} Rg8 {[%clk 00:01:43]} {[%emt 00:00:31]} 38.
Bh5+ {[%clk 00:00:22]} {[%emt 00:00:04]} Kf8 {[%clk 00:01:32]} {[%emt
00:00:17]} 39. Ke2 {[%clk 00:00:13]} {[%emt 00:00:14]} Qh2+ {[%clk 00:01:18]}
{[%emt 00:00:18]} 40. Kd1 {[%clk 00:00:17]} Rg1+ {[%clk 00:01:21]} {[%emt
00:00:03]} 41. Qe1 {[%clk 00:00:20]} {[%emt 00:00:01]} Qxh5+ {[%clk 00:01:11]}
{[%emt 00:00:15]} 42. Kd2 {[%clk 00:00:22]} {[%emt 00:00:03]} Nf3+ {[%clk
00:01:06]} {[%emt 00:00:10]} 43. Kc2 {[%clk 00:00:26]} {[%emt 00:00:02]} Nxe1+
{[%clk 00:01:10]} {[%emt 00:00:01]} 44. Kb2 {[%clk 00:00:27]} {[%emt 00:00:05]}
bxa5 {[%clk 00:01:11]} {[%emt 00:00:04]} 45. Nc2 {[%clk 00:00:30]} {[%emt
00:00:01]} Rb8+ {[%clk 00:01:14]} {[%emt 00:00:01]} 46. Kc3 {[%clk 00:00:34]}
{[%emt 00:00:02]} Qe2 {[%clk 00:00:56]} {[%emt 00:00:23]} 47. Nxe1 {[%clk
00:00:23]} {[%emt 00:00:16]} Qxe3+ {[%clk 00:00:53]} {[%emt 00:00:07]} 48. Kc2
{[%clk 00:00:26]} {[%emt 00:00:02]} Rxe1 {[%clk 00:00:52]} {[%emt 00:00:06]} 49.
Rxe1 {[%clk 00:00:25]} {[%emt 00:00:06]} Qd3+ {[%clk 00:00:56]} 50. Kc1 {[%clk
00:00:28]} {[%emt 00:00:03]} Rb1# {[%clk 00:01:00]} 0-1

[Event "World Youth & Cadets Rapid Championships"]
[Site "Rhodes, Greece"]
[Date "2022.05.01"]
[Round "9.36"]
[White "Blokhin, Sofia"]
[Black "Berezovsky, Fiorina"]
[Result "1-0"]
[TimeControl "10'/game & 5\"/move"]
[WhiteElo "1903"]
[BlackElo "1435"]

1. e4 {[%clk 00:10:08]} {[%emt 00:00:02]} c5 {[%clk 00:10:09]} {[%emt
00:00:02]} 2. Nf3 {[%clk 00:10:11]} {[%emt 00:00:01]} e6 {[%clk 00:10:13]}
{[%emt 00:00:01]} 3. d4 {[%clk 00:10:15]} {[%emt 00:00:01]} cxd4 {[%clk
00:10:15]} {[%emt 00:00:03]} 4. Nxd4 {[%clk 00:10:17]} {[%emt 00:00:01]} a6
{[%clk 00:10:19]} {[%emt 00:00:03]} 5. Nc3 {[%clk 00:10:20]} {[%emt 00:00:02]}
Qc7 {[%clk 00:10:23]} {[%emt 00:00:01]} 6. a3 {[%clk 00:10:24]} Nf6 {[%clk
00:10:19]} {[%emt 00:00:10]} 7. f3 {[%clk 00:10:25]} {[%emt 00:00:03]} Bc5
{[%clk 00:10:21]} {[%emt 00:00:03]} 8. Be3 {[%clk 00:09:32]} {[%emt 00:00:58]}
O-O {[%clk 00:10:15]} {[%emt 00:00:10]} 9. Qd2 {[%clk 00:09:25]} {[%emt
00:00:13]} b5 {[%clk 00:10:08]} {[%emt 00:00:12]} 10. g4 {[%clk 00:09:12]}
{[%emt 00:00:18]} d6 {[%clk 00:10:03]} {[%emt 00:00:10]} 11. h4 {[%clk
00:08:56]} {[%emt 00:00:21]} Bb7 {[%clk 00:09:18]} {[%emt 00:00:50]} 12. g5
{[%clk 00:08:12]} {[%emt 00:00:49]} Nfd7 {[%clk 00:08:53]} {[%emt 00:00:30]} 13.
h5 {[%clk 00:07:46]} {[%emt 00:00:31]} Ne5 {[%clk 00:08:34]} {[%emt 00:00:23]}
14. Be2 {[%clk 00:07:40]} {[%emt 00:00:12]} b4 {[%clk 00:07:57]} {[%emt
00:00:43]} 15. Nd1 {[%clk 00:06:41]} {[%emt 00:01:04]} bxa3 {[%clk 00:07:35]}
{[%emt 00:00:27]} 16. bxa3 {[%clk 00:06:38]} {[%emt 00:00:07]} d5 {[%clk
00:06:26]} {[%emt 00:01:14]} 17. exd5 {[%clk 00:05:23]} {[%emt 00:01:20]} Bxd5
{[%clk 00:06:23]} {[%emt 00:00:08]} 18. Rh3 {[%clk 00:03:50]} {[%emt 00:01:37]}
Rd8 {[%clk 00:04:58]} {[%emt 00:01:30]} 19. Qc3 {[%clk 00:03:17]} {[%emt
00:00:39]} Bd6 {[%clk 00:04:29]} {[%emt 00:00:34]} 20. Qxc7 {[%clk 00:02:40]}
{[%emt 00:00:42]} Bxc7 {[%clk 00:04:33]} {[%emt 00:00:01]} 21. Kf2 {[%clk
00:02:14]} {[%emt 00:00:31]} Nbc6 {[%clk 00:04:26]} {[%emt 00:00:12]} 22. Nxc6
{[%clk 00:01:41]} {[%emt 00:00:39]} Nxc6 {[%clk 00:03:38]} {[%emt 00:00:52]} 23.
c4 {[%clk 00:01:44]} {[%emt 00:00:03]} Be5 {[%clk 00:02:37]} {[%emt 00:01:05]}
24. Rb1 {[%clk 00:01:21]} {[%emt 00:00:28]} Ne7 {[%clk 00:02:07]} {[%emt
00:00:36]} 25. cxd5 {[%clk 00:01:23]} {[%emt 00:00:03]} Nxd5 {[%clk 00:02:11]}
26. Kg2 {[%clk 00:00:36]} {[%emt 00:00:51]} a5 {[%clk 00:02:04]} {[%emt
00:00:12]} 27. Rh4 {[%clk 00:00:35]} {[%emt 00:00:06]} Rac8 {[%clk 00:02:04]}
{[%emt 00:00:05]} 28. f4 {[%clk 00:00:32]} {[%emt 00:00:09]} Bd6 {[%clk
00:01:54]} {[%emt 00:00:15]} 29. a4 {[%clk 00:00:32]} {[%emt 00:00:05]} Rc2
{[%clk 00:01:56]} {[%emt 00:00:02]} 30. Kf1 {[%clk 00:00:31]} {[%emt 00:00:06]}
Rdc8 {[%clk 00:01:45]} {[%emt 00:00:17]} 31. Bd3 {[%clk 00:00:34]} {[%emt
00:00:02]} R2c7 {[%clk 00:01:38]} {[%emt 00:00:11]} 32. Be4 {[%clk 00:00:32]}
{[%emt 00:00:07]} Nb4 {[%clk 00:01:35]} {[%emt 00:00:08]} 33. Bb6 {[%clk
00:00:29]} {[%emt 00:00:08]} Rc4 {[%clk 00:01:27]} {[%emt 00:00:13]} 34. Nf2
{[%clk 00:00:25]} {[%emt 00:00:09]} Nd5 {[%clk 00:01:00]} {[%emt 00:00:32]} 35.
Bxd5 {[%clk 00:00:26]} {[%emt 00:00:04]} exd5 {[%clk 00:01:04]} {[%emt
00:00:01]} 36. Bxa5 {[%clk 00:00:16]} {[%emt 00:00:15]} Rxa4 {[%clk 00:01:09]}
{[%emt 00:00:01]} 37. Bd2 {[%clk 00:00:15]} {[%emt 00:00:06]} Ra2 {[%clk
00:01:05]} {[%emt 00:00:08]} 38. Be3 {[%clk 00:00:15]} {[%emt 00:00:05]} Kf8
{[%clk 00:01:08]} {[%emt 00:00:02]} 39. g6 {[%clk 00:00:18]} {[%emt 00:00:03]}
h6 {[%clk 00:01:07]} {[%emt 00:00:06]} 40. gxf7 {[%clk 00:00:21]} {[%emt
00:00:02]} Kxf7 {[%clk 00:01:10]} {[%emt 00:00:02]} 41. Rb7+ {[%clk 00:00:24]}
{[%emt 00:00:01]} Be7 {[%clk 00:00:50]} {[%emt 00:00:25]} 42. Nd3 {[%clk
00:00:17]} {[%emt 00:00:12]} Kf8 {[%clk 00:00:41]} {[%emt 00:00:14]} 43. Rg4
{[%clk 00:00:15]} {[%emt 00:00:07]} Rc3 {[%clk 00:00:42]} {[%emt 00:00:04]} 44.
Rb8+ {[%clk 00:00:16]} {[%emt 00:00:04]} Kf7 {[%clk 00:00:45]} {[%emt
00:00:02]} 45. Ne5+ {[%clk 00:00:19]} {[%emt 00:00:03]} Kf6 {[%clk 00:00:34]}
{[%emt 00:00:16]} 46. Rg6+ {[%clk 00:00:11]} {[%emt 00:00:12]} Kf5 {[%clk
00:00:34]} {[%emt 00:00:06]} 47. Rg1 {[%clk 00:00:08]} {[%emt 00:00:07]} Rxe3
{[%clk 00:00:37]} {[%emt 00:00:02]} 48. Re8 {[%clk 00:00:11]} {[%emt 00:00:03]}
Bf6 {[%clk 00:00:33]} {[%emt 00:00:09]} 49. Rf8 {[%clk 00:00:09]} {[%emt
00:00:06]} Ra1+ {[%clk 00:00:36]} {[%emt 00:00:02]} 50. Kf2 {[%clk 00:00:14]}
Rxg1 {[%clk 00:00:38]} {[%emt 00:00:04]} 51. Kxe3 {[%clk 00:00:15]} {[%emt
00:00:03]} Ke6 {[%clk 00:00:33]} {[%emt 00:00:56]} 52. Re8+ {[%clk 00:02:08]}
{[%emt 00:00:11]} Kd6 {[%clk 00:00:30]} {[%emt 00:00:06]} 53. Nf7+ {[%clk
00:01:50]} {[%emt 00:00:24]} Kc5 {[%clk 00:00:33]} {[%emt 00:00:02]} 54. Rc8+
{[%clk 00:01:50]} {[%emt 00:00:06]} Kb4 {[%clk 00:00:30]} {[%emt 00:00:07]} 55.
Rc6 {[%clk 00:01:43]} {[%emt 00:00:12]} d4+ {[%clk 00:00:28]} {[%emt 00:00:08]}
56. Kd3 {[%clk 00:01:32]} {[%emt 00:00:15]} Rg3+ {[%clk 00:00:31]} {[%emt
00:00:02]} 57. Kd2 {[%clk 00:01:33]} {[%emt 00:00:05]} d3 {[%clk 00:00:27]}
{[%emt 00:00:10]} 58. Nxh6 {[%clk 00:01:21]} {[%emt 00:00:16]} gxh6 {[%clk
00:00:18]} {[%emt 00:00:14]} 59. Rxf6 {[%clk 00:01:24]} {[%emt 00:00:02]} Kc4
{[%clk 00:00:16]} {[%emt 00:00:07]} 60. Rc6+ {[%clk 00:01:19]} {[%emt
00:00:10]} Kb4 {[%clk 00:00:10]} {[%emt 00:00:11]} 61. Rxh6 {[%clk 00:01:17]}
{[%emt 00:00:06]} Kc4 {[%clk 00:00:07]} {[%emt 00:00:08]} 62. Rc6+ {[%clk
00:01:20]} {[%emt 00:00:02]} Kd5 {[%clk 00:00:07]} {[%emt 00:00:04]} 63. Rc8
{[%clk 00:01:19]} {[%emt 00:00:07]} Ke4 {[%clk 00:00:08]} {[%emt 00:00:04]} 64.
h6 {[%clk 00:01:16]} {[%emt 00:00:08]} Rh3 {[%clk 00:00:08]} {[%emt 00:00:05]}
65. Rh8 {[%clk 00:01:07]} {[%emt 00:00:14]} Kxf4 {[%clk 00:00:10]} {[%emt
00:00:03]} 66. h7 {[%clk 00:01:11]} {[%emt 00:00:01]} Rh2+ {[%clk 00:00:10]}
{[%emt 00:00:05]} 67. Kxd3 {[%clk 00:01:14]} {[%emt 00:00:02]} Rh3+ {[%clk
00:00:14]} {[%emt 00:00:01]} 68. Kd4 {[%clk 00:01:19]} Rh5 {[%clk 00:00:07]}
{[%emt 00:00:11]} 69. Rf8 {[%clk 00:01:22]} {[%emt 00:00:03]} Kg5 {[%clk
00:00:07]} {[%emt 00:00:04]} 70. h8=Q {[%clk 00:01:19]} {[%emt 00:00:09]} Rxh8
{[%clk 00:00:10]} {[%emt 00:00:03]} 71. Rxh8 {[%clk 00:01:22]} 1-0